00833nac a22002291u 4500010001300000082001900013090001500032100003400047245006100081260005100142300003200193490005500225500005000280500001400330500003400344504003100378650002700409740002500436942002100461999001500482952010600497 a6801013500a620.112bP8292 c1683d1683 aPopov, E. P. 10aIntroduction to mechanics of solidsc[by] Egor P. Popov. aEnglewood Cliffs, N.J.,bPrentice-Hallc[1968] axix, 571 p.billus.c24 cm.0 aCivil engineering and engineering mechanics series aBased on the author's Mechanics of materials. aDonations aDonations - Dr. Mostafa Gouda aBibliographical footnotes. 0aStrength of materials. aMechanics of solids. cBBk620.112P8292 c1683d1683 00104070aMAINbMAINc1STd2006-12-04ePurchasel0o620.112 POPp000002658r2025-07-15 00:00:00yBB